000 00446nam a2200157Ia 4500
008 240729s9999 xx 000 0 und d
022 _a2219-7508
245 0 _aJournal of Bangladesh Society of Physiologists
260 _aBangladesh
260 _bBangladesh Society of Physiologist (BSP)
650 _a Physiology
650 _aScience
856 _uhttps://doaj.org/toc/335957bd90244597ac418c99675f3971
942 _2ddc
942 _cDOAJEJ
999 _c65833
_d65833
945 _a1
_bMadushi Gamage
_c1
_dMadushi Gamage